New Labour & Industrial Laws with Draft Rules (Record no. 542910)

MARC details
000 -LEADER
fixed length control field 00452nam a2200169Ia 4500
008 - FIXED-LENGTH DATA ELEMENTS--GENERAL INFORMATION
fixed length control field 240825s9999 xx 000 0 und d
020 ## - INTERNATIONAL STANDARD BOOK NUMBER
ISBN 9789357784665
Paper back/Hardbound pbk
082 ## - DEWEY DECIMAL CLASSIFICATION NUMBER
Classification number 344.01
Item number TAX
100 ## - MAIN ENTRY--AUTHOR NAME
Personal name Taxmann
245 #0 - TITLE STATEMENT
Title New Labour & Industrial Laws with Draft Rules
Statement of responsibility, etc Taxmann
250 ## - EDITION STATEMENT
Edition statement 24th edition
260 ## - PUBLICATION, DISTRIBUTION, ETC. (IMPRINT)
Year of publication 2024
Place of publication New Delhi
300 ## - PHYSICAL DESCRIPTION
Number of Pages 752p. ;23cm.
650 ## - SUBJECT ADDED ENTRY--TOPICAL TERM
Topical Term Labour & Industrial Laws
942 ## - ADDED ENTRY ELEMENTS (KOHA)
Koha item type English Books
Holdings
Withdrawn status Lost status Damaged status Not for loan Home library Current library Shelving location Date acquired Cost, normal purchase price Full call number Accession Number Price effective from Koha item type
        Anna Centenary Library Anna Centenary Library 4TH FLOOR, A WING 11.07.2024 1195.00 344.01 TAX 695547 25.08.2024 English Books
        Anna Centenary Library Anna Centenary Library 4TH FLOOR, A WING 25.08.2024 1195.00 346.4 TAX 695548 25.08.2024 English Books

Find us on the map